000 00871nam a2200265Ia 4500
003 OSt
005 20220923210943.0
006 a|||||r|||| 00| 0
007 ta
008 220922b |||||||| |||| 00| 0 hin d
020 _a8126001887 (pb)
024 _a230,961
037 _cTextual
040 _aARTS
_cARTS
_bhin
041 _2hin
_ahin
082 _aO152,3N212w, M7
100 _aचौधरी, सुरेन्द्र
_9156513
245 0 _aफणीश्वरनाथ रेणु
246 _aFaṇīshvaranāth reṇu
260 _aनई दिल्ली
_b साहित्य अकादेमी
_c1987
300 _a110पृ.
_ccm.
650 _aहिन्दी साहित्य
_9156264
942 _hO152,3N212w, M7
_cTEXL
_2CC
999 _c293155
_d293155